|
|
|
|
| LEADER |
00000nam a2200000 a 4500 |
| 005 |
20120222120853.0 |
| 007 |
cr|||| |||| |
| 008 |
100311s2009 sp || f || 001 | spa c |
| 020 |
|
|
|a 9788496721906
|
| 035 |
|
|
|a 5800
|
| 040 |
|
|
|d vLex
|
| 080 |
|
|
|a 331
|
| 090 |
|
|
|c 3019
|d 3019
|
| 245 |
0 |
0 |
|a Gestin̤ prc̀tica de planes de igualdad
|h [Recurso electrn̤ico] /
|c Olimpia Molina Hermosilla (editora) ; Belň Blz̀quez Vilaplana... [et al.]
|
| 256 |
|
|
|a Servicio en ln̕ea
|
| 260 |
|
|
|a Albacete:
|b Bomarzo,
|c 2009
|
| 300 |
|
|
|a 1 recurso electrn̤ico
|
| 504 |
|
|
|a Bibliografa̕: p.[285]-291. Índex
|
| 506 |
1 |
|
|a Contenido solo disponible en los productos indicados
|d vLex Global
|d vLex Global (Academic Edition, excluding Law Schools)
|d vLex Global (U.S. Academic Edition, Law Schools)
|d vLex Global (U.S. Academic Edition, excluding Law Schools)
|d vLex Global (Academic Edition, Law Schools)
|
| 650 |
0 |
4 |
|a Discriminacin̤ sexual hacia las mujeres
|x Derecho
|z Espaą
|
| 650 |
0 |
4 |
|a Mujeres
|x Igualdad de oportunidades
|z Espaą
|
| 650 |
0 |
4 |
|a Discriminacin̤ sexual en el trabajo
|x Derecho
|z Espaą
|
| 700 |
1 |
|
|a Molina Hermosilla, Olimpia
|
| 700 |
1 |
|
|a Blz̀quez Vilaplana, Belň
|
| 740 |
0 |
|
|a vLex Libros (Servicio en ln̕ea)
|
| 856 |
4 |
0 |
|u http://vlex.com/source/gestion-practica-planes-igualdad-5800
|z Acceso restringido
|
| 942 |
|
|
|c BOOK
|
| 999 |
0 |
|
|a Sex discrimination
|
| 999 |
0 |
|
|a Sex discrimination in employment
|
| 999 |
0 |
|
|a Women
|